000 00445nam a2200181Ia 4500
005 20140402151049.0
008 140130s9999 xx 000 0 und d
050 _aPZ 7
_b.D131 1998
245 _cRoald Dahl
_aCharlie and the Great Glass Elevator
260 _bScholastic,
_c1972
300 _a159 p. :
_bill. ;
_c21 cm.
440 _v1
_931174
521 _aG5
526 _c720
942 _cBK
_2lcc
999 _c41045
_d41045